<?xml version="1.0" encoding="UTF-8"?>
<record
    xmlns:xsi="http://www.w3.org/2001/XMLSchema-instance"
    xsi:schemaLocation="http://www.loc.gov/MARC21/slim http://www.loc.gov/standards/marcxml/schema/MARC21slim.xsd"
    xmlns="http://www.loc.gov/MARC21/slim">

  <leader>00698nam a2200133Ia 4500</leader>
  <controlfield tag="008">171212s9999    xx            000 0 und d</controlfield>
  <datafield tag="020" ind1=" " ind2=" ">
    <subfield code="a">9780833047885</subfield>
  </datafield>
  <datafield tag="100" ind1=" " ind2=" ">
    <subfield code="a">Wehrey, Frederic;Kaye, Dalia Dassa;Watkins, Jessica;Martini, Jeffrey;Guffey, Robert A.</subfield>
  </datafield>
  <datafield tag="245" ind1=" " ind2=" ">
    <subfield code="c">Wehrey, Frederic;Kaye, Dalia Dassa;Watkins, Jessica;Martini, Jeffrey;Guffey, Robert A.</subfield>
    <subfield code="a">The Iraq Effect</subfield>
    <subfield code="b">The Middle East After the Iraq War</subfield>
  </datafield>
  <datafield tag="260" ind1=" " ind2=" ">
    <subfield code="b">RAND Corporation</subfield>
    <subfield code="c">2010</subfield>
  </datafield>
  <datafield tag="650" ind1=" " ind2=" ">
    <subfield code="a">History</subfield>
  </datafield>
  <datafield tag="650" ind1=" " ind2=" ">
    <subfield code="a">United States -- Foreign relations -- Middle East; Middle East -- Foreign relations -- United States; Iraq War, 2003&#x2013; -- Influence; Middle East -- Strategic aspects</subfield>
  </datafield>
  <datafield tag="856" ind1=" " ind2=" ">
    <subfield code="u">www.jstor.org/stable/10.7249/mg892af</subfield>
  </datafield>
  <datafield tag="999" ind1=" " ind2=" ">
    <subfield code="c">352681</subfield>
    <subfield code="d">352681</subfield>
  </datafield>
  <datafield tag="952" ind1=" " ind2=" ">
    <subfield code="0">0</subfield>
    <subfield code="1">0</subfield>
    <subfield code="4">0</subfield>
    <subfield code="a">CL</subfield>
    <subfield code="b">CL</subfield>
    <subfield code="d">2017-12-12</subfield>
    <subfield code="l">0</subfield>
    <subfield code="o">DS63.2.U5I73 2010</subfield>
    <subfield code="r">2017-12-12 00:00:00</subfield>
    <subfield code="w">2017-12-12</subfield>
    <subfield code="y">CBE</subfield>
  </datafield>
</record>
